Proceso contencioso de don Gonzalo Henrrique caballero del hábito de Santiago, cavallerizo de su Majestad contra el Marques de la Pionera don Alvaro de Sande sobre la tenuta y mayorazgo de Villalva de los Llanos

Detalles Bibliográficos
Otros Autores: Gonzalo Henrrique, Marqués de la Pionera
Formato: Libro
Publicado: s.l., s.f.
Materias:
Colección:Banco de datos
Acervo:Biblioteca Palafoxiana. Colección de Manuscritos
Descripción Física:54 f. ; 20 x 29 cm.
Tema general:Civil
LEADER 00583nam a22001570004500
035 |a 785 
245 1 0 |a Proceso contencioso de don Gonzalo Henrrique caballero del hábito de Santiago, cavallerizo de su Majestad contra el Marques de la Pionera don Alvaro de Sande sobre la tenuta y mayorazgo de Villalva de los Llanos 
260 |a s.l., s.f. 
300 |a 54 f. ; 20 x 29 cm. 
650 1 0 |a Civil 
700 1 |a Gonzalo Henrrique 
700 1 |a Marqués de la Pionera 
949 |a 19677/004 
942 |c PALAMANU 
943 |g Biblioteca Palafoxiana. Colección de Manuscritos 
999 |c 1068730  |d 1068730